COMSTECH COURSE AS HEALTH PHYSICS (Record no. 575703)
[ view plain ]
| 000 -LEADER | |
|---|---|
| fixed length control field | 00307nam a22001217a 4500 |
| 020 ## - INTERNATIONAL STANDARD BOOK NUMBER | |
| International Standard Book Number | 969-487-000-3 |
| 082 ## - DEWEY DECIMAL CLASSIFICATION NUMBER | |
| Classification number | 600 INA'C |
| 100 ## - MAIN ENTRY--PERSONAL NAME | |
| Personal name | ZAHID, H. A , YOUSAF, MUHAMMAD , INAM UL HAQ |
| 9 (RLIN) | 68042 |
| 245 ## - TITLE STATEMENT | |
| Title | COMSTECH COURSE AS HEALTH PHYSICS |
| 260 ## - PUBLICATION, DISTRIBUTION, ETC. | |
| Place of publication, distribution, etc. | PAKISTAN |
| Name of publisher, distributor, etc. | OIC |
| Date of publication, distribution, etc. | 1993 |
| 300 ## - PHYSICAL DESCRIPTION | |
| Extent | 414P |
| 942 ## - ADDED ENTRY ELEMENTS (KOHA) | |
| Koha item type | Book |
| Withdrawn status | Lost status | Source of classification or shelving scheme | Damaged status | Not for loan | Permanent Location | Current Location | Shelving location | Date acquired | Full call number | Barcode | Date last seen | Price effective from | Koha item type | Public note |
|---|---|---|---|---|---|---|---|---|---|---|---|---|---|---|
| College of Electrical & Mechanical Engineering (CEME) | College of Electrical & Mechanical Engineering (CEME) | General Stacks | 08/02/2017 | 600 INA'C | CEME-27989 | 06/28/2021 | 06/28/2021 | Book | 3.8 |
